| 000 | 00667nam a2200217Ia 4500 | ||
|---|---|---|---|
| 008 | 191130s2007##################000#0#eng## | ||
| 020 | _a9781403916105 | ||
| 022 | _a2007022499 | ||
| 040 |
_aACL _cACL |
||
| 082 | _a650.01513 MOR | ||
| 100 | _aMorris, Clare | ||
| 245 |
_aEssential maths : for business and management _cClare Morris with Emmanuel Thanassoulis |
||
| 260 |
_aBasingstoke, Hampshire _bPalgrave Macmillan _c2007 |
||
| 300 | _axii, 235 p. : ill. ; 25 cm | ||
| 500 | _aIncludes indexes | ||
| 650 | _aBusiness mathematics | ||
| 700 | _aThanassoulis, Emmanuel | ||
| 990 | _ac65f8137ac10000c5f97feed6293501c | ||
| 991 | _a359691 | ||
| 999 |
_c176647 _d176647 |
||